Personalismus, Solidarismus und Gesellschaft : der ethische und ontologische Grundcharakter der Gesellschaftslehre der Kirche /

Guardado en:
Bibliografiske detaljer
Hovedforfatter: Wildmann, Georg (autor)
Format: Bog
Sprog:German
Udgivet: Viena, Austria : Herder, 1961, c1961
Fag:
Tags: Tilføj Tag
Ingen Tags, Vær først til at tagge denne postø!

MARC

LEADER 00000nam^a2200000^a^4500
001 000275854
005 20250521000000.0
009 20260310111245.379
025 |a Donación Jesús Vergara Aceves, 1 ejemplar 
037 |a Acervo Xavier Clavigero 
041 |a ALE 
082 |a 261.  |b WIL 
100 |a Wildmann, Georg  |e (autor) 
245 1 0 |a Personalismus, Solidarismus und Gesellschaft :  |b der ethische und ontologische Grundcharakter der Gesellschaftslehre der Kirche /  |c G. Wildmann. 
264 4 |a Viena, Austria :  |b Herder,  |c 1961, c1961 
300 |a XX, 224 p. 
336 |a texto  |b txt  |2 rdacontenido 
337 |a sin mediación  |b n  |2 rdamedio 
338 |a volumen  |b nc  |2 rdasoporte 
649 |a XX 
650 |a Personalismo 
650 |a Solidaridad 
650 |a Sociedad 
650 |a Ontología 
650 |a Etica Cristiana 
650 |a Teología Social -  |x Tema Principal 
650 |a Iglesia Católica 
650 |a Catolicismo 
650 |a Cristianismo 
650 |a Religión 
910 |a Fondo Jesús Vergara Aceves S.J. 
920 |a Impresos - Libros 
930 |a Fondos Especiales 
905 |a 119 
901 |a 0500160779  |b IT2  |c ESP  |i D  |u 20250521 
902 |a https://opac.biblio.iteso.mx/vufind/Record/000275854